A grand Canyon journey : (Record no. 359892)
[ view plain ]
| 000 -LEADER | |
|---|---|
| fixed length control field | 00706nam a2200253Ia 4500 |
| 008 - FIXED-LENGTH DATA ELEMENTS--GENERAL INFORMATION | |
| fixed length control field | 181129s9999 xx 000 0 und d |
| 020 ## - INTERNATIONAL STANDARD BOOK NUMBER | |
| International Standard Book Number | 9780531158395 |
| 050 ## - LIBRARY OF CONGRESS CALL NUMBER | |
| Item number | A548 1997 |
| 100 ## - MAIN ENTRY--PERSONAL NAME | |
| Personal name | Anderson, Peter |
| 245 #2 - TITLE STATEMENT | |
| Title | A grand Canyon journey : |
| 245 #0 - TITLE STATEMENT | |
| Remainder of title | tracing time in stone / |
| 245 #0 - TITLE STATEMENT | |
| Statement of responsibility, etc | by Peter Anderson. |
| 260 ## - PUBLICATION, DISTRIBUTION, ETC. (IMPRINT) | |
| Place of publication, distribution, etc | New York, NY : |
| 260 ## - PUBLICATION, DISTRIBUTION, ETC. (IMPRINT) | |
| Name of publisher, distributor, etc | Franklin Watts, |
| 260 ## - PUBLICATION, DISTRIBUTION, ETC. (IMPRINT) | |
| Date of publication, distribution, etc | 1997 |
| 300 ## - PHYSICAL DESCRIPTION | |
| Extent | 63 pages : |
| 300 ## - PHYSICAL DESCRIPTION | |
| Other physical details | color illustrations ; |
| 300 ## - PHYSICAL DESCRIPTION | |
| Dimensions | 21cm. |
| 500 ## - GENERAL NOTE | |
| General note | 1110L |
| 650 ## - SUBJECT ADDED ENTRY--TOPICAL TERM | |
| Topical term or geographic name as entry element | Geology -- Arizona -- Grand Canyon. |
| 650 ## - SUBJECT ADDED ENTRY--TOPICAL TERM | |
| Topical term or geographic name as entry element | Grand Canyon (Ariz.) -- Description and travel. |
| 650 ## - SUBJECT ADDED ENTRY--TOPICAL TERM | |
| Topical term or geographic name as entry element | Natural history -- Arizona -- Grand Canyon. |
| 700 ## - ADDED ENTRY--PERSONAL NAME | |
| Personal name | Title. |
| Withdrawn status | Lost status | Damaged status | Home library | Current library | Shelving location | Date acquired | Total Checkouts | Full call number | Barcode | Date last seen | Price effective from | Koha item type |
|---|---|---|---|---|---|---|---|---|---|---|---|---|
| Stonyhurst Southville International School (Malarayat) | Stonyhurst Southville International School (Malarayat) | 11/29/2018 | LEX A548 1997 | SSISM5686 | 11/29/2018 | 11/29/2018 | Lexile |